Study of impact of famine and relief measures in Gujarat and Rajasthan (Record no. 21209)
[ view plain ]
| 000 -LEADER | |
|---|---|
| fixed length control field | 00658nam a2200181Ia 4500 |
| 082 ## - DEWEY DECIMAL CLASSIFICATION NUMBER | |
| Classification number | RC.004; |
| 100 ## - MAIN ENTRY--AUTHOR NAME | |
| Personal name | Choudhary, K.M. |
| 245 #0 - TITLE STATEMENT | |
| Title | Study of impact of famine and relief measures in Gujarat and Rajasthan |
| Sub Title | : With special reference to Banaskantha and Barmer District |
| 260 ## - PUBLICATION, DISTRIBUTION, ETC. (IMPRINT) | |
| Year of publication | 1975 |
| 300 ## - PHYSICAL DESCRIPTION | |
| Number of Pages | 507p. |
| 650 ## - SUBJECT ADDED ENTRY--TOPICAL TERM | |
| Topical Term | FAMINES - GUJARAT - BANASKANTHA DISTRICT |
| 650 ## - SUBJECT ADDED ENTRY--TOPICAL TERM | |
| Topical Term | FAMINES - RAJASTHAN - BARMER DISTRICT |
| 650 ## - SUBJECT ADDED ENTRY--TOPICAL TERM | |
| Topical Term | FAMINE RELIEF - RAJASTHAN - BARMER DISTRICT |
| 650 ## - SUBJECT ADDED ENTRY--TOPICAL TERM | |
| Topical Term | FAMINE RELIEF - GUJARAT - BANASKANTHA DISTRICT |
| 700 ## - ADDED ENTRY--PERSONAL NAME | |
| Personal name | Bapat, M.T. |
| 710 ## - ADDED ENTRY--CORPORATE NAME | |
| Corporate name or jurisdiction name as entry element | Agro-Economic Research Centre, Vallabh Vidyanagar |
| 942 ## - ADDED ENTRY ELEMENTS (KOHA) | |
| Koha item type | Research Reports |
| Source of classification or shelving scheme | Dewey Decimal Classification |
| Withdrawn status | Lost status | Damaged status | Not for loan | Collection code | Home library | Current library | Date acquired | Full call number | Accession Number | Price effective from | Koha item type |
|---|---|---|---|---|---|---|---|---|---|---|---|
| Not For Loan | ICSSR Research Project Reports | NASSDOC Library | NASSDOC Library | 08/10/2004 | RC.004; | 8984 | 18/04/2019 | Research Reports |
